Šest moravských dvojzpěvů pro smíšený sbor a klavír Sechs Klänge aus Mähren für gemischten Chor und Klavieren /

Hlavní autor: Dvořák, Antonín, 1841-1904
Další autoři: Janáček, Leoš, 1854-1928
Jazyk: Němčina
Čeština
Vydáno: Praha : Editio Bärenreiter Praha, 2001
Vydání: 3. vyd.
Témata:
Fyzický popis: 1 partitura (45 s.) ; 30 cm
Hudebniny Hudebniny
Uloženo v:
LEADER 01804ncm a2200433 a 4500
001 000600289
003 CZ BrMZK
005 20111221082948.0
007 q
008 020514s2001 xr pta f cze d
024 2 |a M260100992 
028 2 1 |a H 7718  |b Editio Bärenreiter Praha 
040 |a BOA001  |b cze 
041 0 |a cze  |a ger 
043 |a e-xr--- 
048 |a ca  |a ka01 
072 7 |a 784  |x Vokální hudba  |2 Konspekt  |9 9 
080 |a 784.3/.7.088:78.087.684  |2 MRF 
080 |a 784.3/.7.088  |2 MRF 
080 |a (437.3)  |2 MRF 
080 |a 78.089.6  |2 MRF 
100 1 |a Dvořák, Antonín,  |d 1841-1904  |7 jn19981000826  |4 cmp 
245 1 0 |a Šest moravských dvojzpěvů pro smíšený sbor a klavír  |h [hudebnina] =  |b Sechs Klänge aus Mähren für gemischten Chor und Klavieren /  |c Antonín Dvořák ; upravil Leoš Janáček 
246 3 3 |a Sechs Klänge aus Mähren für gemischten Chor und Klavier 
246 3 |a 6 moravských dvojzpěvů pro smíšený sbor a klavír 
250 |a 3. vyd. 
260 |a Praha :  |b Editio Bärenreiter Praha,  |c 2001 
300 |a 1 partitura (45 s.) ;  |c 30 cm 
500 |a Text souběžně v němčině 
505 0 0 |t Dyby byla kosa nabróšená --  |t Slavíkovský polečko malý --  |t Holub na javoře --  |t V dobrým sme se sešli --  |t Šípek --  |t Zelenaj se, zelenaj 
648 4 |a 19.-20. stol. 
650 0 7 |a umělé písně (smíšený sbor, klavír), úpravy  |7 ph321668  |2 czenas 
650 0 7 |a umělé písně, úpravy  |7 ph315290  |z Česko  |y 19.-20. stol.  |2 czenas 
650 0 7 |a smíšené sbory  |7 ph291750  |2 czenas 
655 7 |a partitury  |7 fd185981  |2 czenas 
700 1 |a Janáček, Leoš,  |d 1854-1928  |7 jk01050745  |4 arr 
910 |a BOA001  |b Mus4-1094.565 
990 |a MU 
996 6 |b 2610156465  |c Mus4-1094.565  |l MZK  |r Sklad / do 1 hodiny  |n 2  |w 000600289  |u 000010  |a 1  |e BOA001  |j MZK50  |s P